LEADER 00811nam a2200217 i 4500 001 000000019498 003 CaOOAMICUS 005 20221207122539.0 008 180830s1996 it u000 u ita u 020 $a88-04-41021-3 040 $aSeMil$bita 245 10$aProse 1920-1979 /$cEugenio Montale ; a cura di Giorgio Zampa. 300 $a2 v. (LXXIII, 3408 p. compless.) ;$c19 cm. 500 $aIn custodia. 700 1 $aZampa, Giorgio,$d<1921-2008>.$0(OLS)http://semarc/name/8700 773 0 $aMontale, Eugenio <1896-1981>$tSecondo mestiere.$dMilano : Arnoldo Mondadori Editore $kMeridiani$w()15947 774 0 $t1.$w()41738 774 0 $t2.$w()88648 996 $6020$a88-04-41021-3$9(OLS)http://semarc/number/1128 996 $6245$aProse 1920-1979$9(OLS)http://semarc/title/25652 LEADER 01338nam a2200289 i 4500 001 000000184468 003 CaOOAMICUS 005 20100111000000.0 008 100111s2009 it u000 u ita u 013 $a162448 020 $a978-88-6250-132-3 040 $aSeMil$bita 245 13$aLa povertà alimentare in Italia :$bprima indagine quantitativa e qualitativa /$cA cura di Luigi Campiglio e Giancarlo Rovati. 260 $aMilano :$bGuerini e Associati,$ccopyr. 2009. 300 $a302 p. :$bcartografia, grafici e tabelle ;$c24 cm. 490 0 $aStudi e ricerche ;$v1 500 $aContiene : Bibliografia. 650 4$aPovertà alimentare - Italia - Indagini.$0(OLS)http://semarc/subject/34834 700 1 $aRovati, Giancarlo.$0(OLS)http://semarc/name/46185 700 1 $aCampiglio, Luigi.$0(OLS)http://semarc/name/37820 830 0$aStudi e ricerche ;$v1.$0(OLS)http://semarc/title/6597 850 $aSeMil 852 $aSeMil$W1$xVenegono$y1$m3N V 551$j135164$B135164$CSeMilBibl$Z2$F148132 $81 961 $aOmaggio: Delpini mons. Mario 996 $6020$a978-88-6250-132-3$9(OLS)http://semarc/number/174432 996 $6245$aLa povertà alimentare in Italia :$bprima indagine quantitativa e qualitativa$9(OLS)http://semarc/title/264780 996 $6260$aMilano :$bGuerini e Associati$9(OLS)http://semarc/publisher/31885